Georgetown Basketball: Leading Scorer Every Year - Statistics

General Stats
  • This quiz has been taken 26 times
    4 since last reset
  • The average score is 27 of 74
Answer Stats
Year Player Average % Correct
1994-1995 Allen Iverson 20.4
100%
1995-1996 Allen Iverson 25.0
100%
1982-1983 Patrick Ewing 17.7
75%
1983-1984 Patrick Ewing 16.4
75%
1984-1985 Patrick Ewing 14.6
75%
1985-1986 Reggie Williams 17.6
75%
1986-1987 Reggie Williams 23.6
75%
1990-1991 Alonzo Mourning 15.8
50%
1991-1992 Alonzo Mourning 21.3
50%
1987-1988 Charles Smith 15.7
50%
1988-1989 Charles Smith 18.7
50%
1975-1976 Derrick Jackson 17.0
50%
1976-1977 Derrick Jackson 16.8
50%
1977-1978 Derrick Jackson 17.8
50%
2005-2006 Jeff Green 11.9
50%
2006-2007 Jeff Green 14.3
50%
1972-1973 Jonathan Smith 13.1
50%
1974-1975 Jonathan Smith 11.0
50%
2012-2013 Otto Porter, Jr. 16.2
50%
2007-2008 Roy Hibbert 13.4
50%
1978-1979 Sleepy Floyd 16.6
50%
1979-1980 Sleepy Floyd 18.7
50%
1980-1981 Sleepy Floyd 19.0
50%
1981-1982 Sleepy Floyd 16.7
50%
2021-2022 Aminu Mohammed 13.7
25%
1998-1999 Anthony Perry 14.0
25%
1969-1970 Art White 15.1
25%
2009-2010 Austin Freeman 16.5
25%
2010-2011 Austin Freeman 17.6
25%
1951-1952 Barry Sullivan 17.3
25%
1952-1953 Bill Bolger 18.3
25%
1961-1962 Bob Sharpenter 18.0
25%
2004-2005 Brandon Bowman 15.1
25%
1959-1960 Brian Sheehan 15.7
25%
1960-1961 Brian Sheehan 14.2
25%
1958-1959 Brian Sitchan 18.7
25%
1967-1968 Charlie Adrion 17.0
25%
1968-1969 Charlie Adrion 18.9
25%
2008-2009 DaJuan Summers 13.6
25%
2013-2014 D'Vauntes Smith-Rivera 17.6
25%
2014-2015 D'Vauntes Smith-Rivera 16.3
25%
2015-2016 D'Vauntes Smith-Rivera 16.2
25%
2003-2004 Gerald Riley 17.0
25%
2020-2021 Jahvon Blair 15.4
25%
2011-2012 Jason Clark 14.0
25%
2023-2024 Jayden Epps 18.5
25%
2017-2018 Jessie Govan 17.9
25%
2018-2019 Jessie Govan 17.5
25%
1962-1963 Jim Barry 22.6
25%
1964-1965 Jim Barry 19.1
25%
1963-1964 Jim Christy 17.5
25%
1955-1956 Joe Missett 18.5
25%
1956-1957 Joe Missett 16.0
25%
1953-1954 Ken Pichette 15.8
25%
1999-2000 Kevin Braswell 14.8
25%
2019-2020 Mac McClung 15.7
25%
1989-1990 Mark Tillmon 19.8
25%
1970-1971 Mike Laughna 17.7
25%
1971-1972 Mike Laughna 16.8
25%
2000-2001 Mike Sweetney 12.8
25%
2001-2002 Mike Sweetney 19.0
25%
2002-2003 Mike Sweetney 22.8
25%
1992-1993 Othella Harrington 16.8
25%
1993-1994 Othella Harrington 14.7
25%
2022-2023 Primo Spears 16.0
25%
2016-2017 Rodney Pryor 18.0
25%
1997-1998 Shernard Long 13.1
25%
1965-1966 Steve Sullivan 15.1
25%
1966-1967 Steve Sullivan 18.7
25%
1948-1949 Tom O'Keefe 12.3
25%
1949-1950 Tom O'Keefe 13.9
25%
1996-1997 Victor Page 22.7
25%
1954-1955 Warren Buehler 14.1
25%
1957-1958 Warren Buehler 18.3
25%
No matching quizzes found
Score Distribution
Percent of People with Each Score
Percentile by Number Answered
Your Score History
You have not taken this quiz since the last reset